| 000 | 01132nam a2200277 a 4500 | ||
|---|---|---|---|
| 001 | 25793 | ||
| 003 | CO-ViMGA | ||
| 008 | 141112s2004 ck r 000 u spa d | ||
| 020 | _a9789584219640 | ||
| 040 |
_aCO-ViMGA _bspa _cCO-ViMGA |
||
| 041 | _aSPA | ||
| 082 | 0 | 4 | _a364.151 C65 |
| 110 |
_aComisión Nacional de Reparación y Reconciliación (Colombia). Grupo de Memoria Histórica _939939 |
||
| 245 | 1 | 0 |
_aLa Masacre de Trujillo, una tragedia que no cesa : _bprimer informe de Memoria Histórica de la Comisión Nacional de Reparación y Reconciliación / _cComisión Nacional de Reparación y Reconciliación |
| 250 | _a1a ed. | ||
| 260 |
_aBogotá : _bTaurus, _c2010 |
||
| 300 | _a236 p. | ||
| 490 | _aPensamiento | ||
| 500 | _aIncluye Glosario de siglas y Bibliografía | ||
| 650 | 1 | 4 |
_aCRIMENES DE LESA HUMANIDAD - COLOMBIA _939940 |
| 650 | 1 | 4 |
_aDERECHOS HUMANOS - TRUJILLO (VALLE DEL CAUCA, COLOMBIA) _939941 |
| 650 | 1 | 4 |
_aMASACRES - TRUJILLO (VALLE DEL CAUCA, COLOMBIA) _939942 |
| 650 | 1 | 4 |
_aVICTIMAS DE LA VIOLENCIA - COLOMBIA _939943 |
| 651 |
_aTRUJILLO (VALLE DEL CAUCA, COLOMBIA) _939944 |
||
| 942 |
_2ddc _cBK |
||
| 999 |
_c5359 _d5359 |
||